St Ives Trivia - Statistics

General Stats
  • This quiz has been taken 14 times
  • The average score is 4 of 16
Answer Stats
Hint Answer % Correct
Modern art gallery opened in 1993 Tate St Ives
100%
Beaches that begin with 'Porth' Porth{meor}
50%
The above inspired this writer's novel To the Lighthouse Virginia Woolf
50%
Sculptor who lived at Trewyn Studios Barbara Hepworth
38%
Nearby resort that hosted the G7 summit in 2021 Carbis Bay
38%
Bordering sea Celtic Sea
25%
Lighthouse that can be seen at the other end of St Ives Bay Godrevy Lighthouse
25%
Railway that reached St Ives in 1877 Great Western Railway
25%
Beaches that begin with 'Porth' Porth{minster}
25%
Pub said to be one of Cornwall's oldest Sloop Inn
25%
18th-century mayor with a hilltop monument and a quinquennial festival John Knill
13%
Beaches that begin with 'Porth' Porth{gwidden}
13%
Group name for the many artists based in St Ives in the late 19th and early 20th centuries St Ives School
13%
Saint that the town is named for Ia of Cornwall
0%
Fishing boat unique to St Ives Jumbo
0%
Grassy, hilly peninsula home to St Nicholas's Chapel The Island
0%
No matching quizzes found
Score Distribution
Percent of People with Each Score
Percentile by Number Answered
Your Score History
You have not taken this quiz